000 00409nam a22001457a 4500
003 OSt
005 20160727222345.0
008 160621b xxu||||| |||| 00| 0 eng d
040 _cTest
100 _9222
_aAbel, S
245 _aTwo Bears Have a Picnic
_bA pop-up Book of Counting
260 _aU.K
_b Hodder Children's Books
_c1995
300 _aTwo Bears Have a Picnic: A pop-up Book of Counting
942 _2ddc
_cBK
999 _c179
_d179